Artists Beginning With R - Statistics

General Stats
  • This quiz has been taken 340 times
  • The average score is 8 of 14
Answer Stats
Hint Answer % Correct
Umbrella Rihanna
91%
Creep Radiohead
86%
Losing My Religion R.E.M.
85%
Never Gonna Give You Up Rick Astley
85%
Californication Red Hot Chili Peppers
84%
Paint It, Black The Rolling Stones
82%
Oh, Pretty Woman Roy Orbison
53%
Killing In The Name Rage Against the Machine
52%
I Wanna Be Sedated Ramones
52%
Maggie May Rod Stewart
49%
Tom Sawyer Rush
39%
Can't Fight This Feeling REO Speedwagon
34%
Be My Baby The Ronettes
33%
Life is a Highway Rascal Flatts
22%
No matching quizzes found
Score Distribution
Percent of People with Each Score
Percentile by Number Answered
Your Score History
You have not taken this quiz